000 00661nam a2200229Ia 4500
003 OSt
005 20220924131750.0
006 a|||||r|||| 00| 0
007 ta
008 220923b |||||||| |||| 00| 0 san d
024 _a247206
037 _cTextual
040 _aARTS
_cARTS
_bsan
041 _2san
_asan
082 _aO15,1A1, 152G1.7
100 _aShastri Chandre Shekhar
_9202816
245 0 _aShree maddalmikiya ramayan
_b Uttarakhand
260 _aVaransi
_bSatiya PustakMala India
_c1931
650 _aSANSKRIT LITERATURE
942 _hO15,1A1, 152G1.7
_cTEXL
_2CC
999 _c428123
_d428123